Código de contratos del sector público

Uloženo v:
Podrobná bibliografie
Hlavní autoři: Lazo Vitoria, Ximena Angélica (Autor), Bernal Blay, Miguel Angel (Autor)
Médium: Kniha
Jazyk:španělština
Vydáno: Madrid Tecnos 2014
Vydání:1a. ed
Edice:Biblioteca de Textos Legales, 425
Témata:
Tagy: Přidat tag
Žádné tagy, Buďte první, kdo vytvoří štítek k tomuto záznamu!

MARC

LEADER 00000cam a2200000 a 4500
001 UCE4141
003 CL-VaPUC
008 141009e20140000sp |||||||||||||||||spa|d
020 |a 9788430960828 
082 0 4 |a 342.460662  |b LAZ  |2 21 
100 |a Lazo Vitoria, Ximena Angélica  |e author  |9 819366 
700 0 |a Bernal Blay, Miguel Angel  |e author  |9 576727 
245 1 0 |a Código de contratos del sector público 
250 |a 1a. ed 
300 |a 775 p 
942 |c BK 
945 |d 20141009 14:36:00  |a arojas 
260 |a Madrid  |b Tecnos  |c 2014 
650 0 |a Sector público  |9 349431 
650 0 |a Contratos  |9 255153 
650 0 |a Contratos administrativos  |9 256130 
650 0 |a Derecho administrativo  |9 254851 
650 0 |a Documentos públicos  |9 325956 
651 0 |a España  |9 254926 
583 |a last modification  |c 20141009 14:36:00  |k Rodrigo Vera 
490 0 |a Biblioteca de Textos Legales, 425 
999 |c 357200  |d 357198 
952 |0 0  |1 0  |3 erb  |4 0  |6 342_460662000000000_LAZ_2014  |7 0  |8 A  |9 465043  |a BIBDER  |b BIBDER  |i 5118220  |o 342.460662 LAZ 2014  |p 5118220  |r 2023-01-25  |w 2019-11-23  |y BK  |z Catalogado en:20141009  |k DER